My favourite football players of 2024/25 - Estadísticas

Estadísticas generales
  • Esta prueba ha sido intentada 142 veces
  • La puntuación promedio es 33 de 50
Estadísticas de respuestas
P Country Team Respuesta % Correcto
1 Spain Man city Rodri
98%
5 France Real Madrid Mbappe
90%
3 England Real Madrid Bellingham
88%
28 Spain Barcelona Pedri
87%
4 Spain Real Madrid Carvajal
86%
2 Spain Barcelona Yamal
82%
10 Egypt Liverpool Salah
81%
9 Belgium Man city De Bruyne
80%
12 Spain Athletic Bilbao Williams
80%
22 Portugal Al-Nassr Ronaldo
78%
17 Poland Barcelona Lewandowski
77%
20 Croatia Real Madrid Modric
76%
26 Uruguay Real Madrid Valverde
75%
7 Germany Leverkusen Wirtz
73%
19 Belgium Real Madrid Courtois
72%
13 England Chelsea Palmer
72%
8 Spain Leverkusen Grimaldo
71%
6 Germany Bayern Musiala
71%
21 Argentina Inter Martinez
70%
33 Brazil Barcelona Raphinha
70%
32 Germany Barcelona Ter Stegen
70%
25 Germany Real Madrid Rudiger
68%
27 Argentina Atletico Alvarez
66%
31 Germany Bayern Kimmich
66%
14 Georgia Napoli Kvaratskhelia
65%
44 Spain Arsenal Merino
64%
11 Spain Arsenal Raya
64%
23 Portugal Man City Dias
63%
24 England Arsenal Rice
62%
35 Georgia Valencia Mamardashvili
61%
46 Brazil Real Madrid Rodrygo
61%
16 Spain Barcelona Olmo
60%
37 France Arsenal Saliba
60%
15 Brazil Liverpool Alisson
59%
18 Italy Arsenal Calafiori
57%
30 Spain PSG Ruiz
56%
41 Italy Inter Barella
55%
47 Spain Al-Nassr Laporte
55%
40 Hungary Liverpool Szoboszlai
55%
39 Serbia Juventus Vlahovic
55%
38 England Villa Watkins
54%
34 France Milan Maignan
51%
50 Brazil Man United Antony
50%
49 Italy Liverpool Chiesa
50%
48 Spain Milan Morata
50%
45 Spain Real Sociedad Zubimendi
49%
36 Brazil Arsenal Jesus
48%
29 Spain Barcelona Fermin
43%
43 Spain Athletic Bilbao Vivian
41%
42 France Chelsea Nkunku
34%
No se encontraron pruebas coincidentes
Distribución de puntuación
Porcentaje de gente con cada puntuación
Porcentaje por número respondido
Historial de tus puntuaciones
No has intentado esta prueba.